000 00977nam a2200277Ia 4500
003 OSt
005 20220930085324.0
006 a|||||r|||| 00| 0
007 ta
008 220926b |||||||| |||| 00| 0 eng d
024 _a95383
037 _cTheses
040 _aCRL
_cCRL
_beng
041 _2eng
_aeng
100 _aBeniwal Pankaj
_9538176
110 _aUniversity of Delhi. Faculty of Medical Sciences. Department of Medicine
245 0 _aCross sectional study on the prevalence of chronic kidney disease and its risk factors in adult population in rural Delhi
260 _c2007
650 _aMEDICINE
700 _a Dr. G. S. Meena Gu.
_9535930
700 _a Dr. N. P. Singh Gu.
_9525771
700 _a Dr. S. K. Agarwal Gu.
_9532880
700 _aUniversity of Delhi. Faculty of Medical Sciences. Department of Medicine
942 _cDIS
_2CC
999 _c878718
_d878718